Quiz sur le Listenbourg - Statistiques

Statistiques générales
  • Ce quiz a été pris 33 fois
  • Le résultat moyen est 4 sur 12
Statistiques - réponses
Hint Réponse % Correct
Pays frontaliers Espagne
100%
Continent sur lequel le pays se trouve Europe
100%
Pays frontaliers Portugal
100%
Péninsule sur laquelle le pays se trouve Ibérique
76%
Président actuel Gaspardo
17%
Capitale Lurenberg
7%
Nombres d'Habitants (arrondi au million) 59 000 000
3%
Régions Adrias
3%
Régions Caséière
3%
Régions Flußerde
3%
Régions Kusterde
3%
Régions Mitteland
3%
Aucun quiz correspondant
Distribution des résultats
% des personnes avec chaque résultat
Percentile par nombre de réponses
Votre historique - résultats
Vous n’avez pas pris ce quiz